000
00253nam a2200097Ia 4500
001
939967
005
20250826215237.0
008
250824s9999 xx 000 0 und d
245
0
_a
KAYIP YUNUSLARI BULAN KÖPEK
_c
ELİZABETH CARNEY
260
_b
BETA YAYINLARI
999
_c
939967
_d
939967